000 00693nam a2200217 a 4500
008
020 _a1857880706 (pbk. )
049 _aMAIN
090 _aHF5549.5
_bKNI
100 1 _aKnight, Sue.
245 1 0 _aNLP at work :
_bthe difference that makes a difference in business /
_cSue Knight.
260 _aLondon :
_bNicholas Brealey Publishing,
_c1995.
300 _ax, 230 p. :
_bill. ;
_c23 cm.
504 _aIncludes bibliographical references.
650 1 _aBusiness Communication
_xPersonal Development.
907 _a.b10303571
_b20-07-12
_c18-11-11
003
005 20230123125349.0
040 _cNUST
942 _cBOOKS
_kHF5549.5
_mKNI
999 _c140231
_d140231